Curso de historia del derecho constitucional
Saved in:
| Hovedforfatter: | |
|---|---|
| Format: | Bog |
| Sprog: | spansk |
| Udgivet: |
Santiago
Jurídica de Chile
1992
|
| Serier: | Manuales Jurídicos, 98
|
| Fag: | |
| Tags: |
Tilføj Tag
Ingen Tags, Vær først til at tagge denne postø!
|
MARC
| LEADER | 00000nam a2200000 a 4500 | ||
|---|---|---|---|
| 001 | UCL0146 | ||
| 003 | CL-VaPUC | ||
| 008 | 030627e19920000CL |||||||||||||||||spa|d | ||
| 082 | 0 | 4 | |a 342.09 |b TAG |2 21 |
| 100 | 0 | |a Tagle Martínez, Hugo |e author |9 476886 | |
| 245 | 1 | 0 | |a Curso de historia del derecho constitucional |
| 300 | |a v | ||
| 942 | |c BK | ||
| 945 | |d 20030627 00:00:00 |a cmena | ||
| 260 | |a Santiago |b Jurídica de Chile |c 1992 | ||
| 500 | |a v.2: derecho indiano | ||
| 650 | 0 | |a Historia constitucional |9 256052 | |
| 650 | 0 | |a Historia del derecho |9 255109 | |
| 650 | 0 | |a Derecho Indiano |9 256266 | |
| 583 | |a last modification |c 20030627 00:00:00 |k Rodrigo Vera | ||
| 490 | 0 | |a Manuales Jurídicos, 98 | |
| 999 | |c 304166 |d 304164 | ||
| 952 | |0 0 |1 0 |4 0 |6 342_090000000000000_TAG_1992 |7 0 |8 DER_HDC |9 366051 |a BIBDER |b BIBDER |d 2019-11-21 |h v.2 |i 391691K |o 342.09 TAG 1992 |p 391691K |r 2023-01-25 |w 2019-11-21 |x Ubicación 4to Piso |y BK |z Estos recursos deben solicitarse con anticipación |k DER | ||